Normal view
MARC view
- Noreen Zarish
Entry Personal Name
001 - CONTROL NUMBER
- control field: 124173
003 - CONTROL NUMBER IDENTIFIER
- control field: NUST
005 - DATE AND TIME OF LATEST TRANSACTION
- control field: 20240708151550.0
008 - FIXED-LENGTH DATA ELEMENTS
- fixed length control field: 240708|| aca||aabn | a|a d
040 ## - CATALOGING SOURCE
- Original cataloging agency: NUST
- Transcribing agency: NUST
100 ## - HEADING--PERSONAL NAME
- Personal name: Noreen Zarish
670 ## - SOURCE DATA FOUND
- Source citation: Work cat.: (NUST): Noreen Zarish, Investigation of Molecular Mechanisms Underlying Type 2 Diabetes Mellitus and Alzheimer’s disease/
